00579nam a2200181 a 450000100080000000500110000800800410001910000210006024500710008126001280015265000100028065000120029065000240030270000190032670000170034570000220036270000130038420748892025-01-27 1990 bl uuuu u00u1 u #d1 aMACEDO, F. A. de aComportamento da curva de lactação de cabras Sem Raça Definida. aIn: REUNIÃO ANUAL DA SOCIEDADE BRASILEIRA DE ZOOTECNIA, 27., 1990, Campinas. Anais... Piracicaba: SBZ, 1990. p. 513.c1990 aCabra aCaprino aCurva de Lactação1 aMARTINS, E. N.1 aPRADO, I. N.1 aSANTOS, G. T. dos1 aLIMA, S.